000 00522cab a2200181 4500
001 WB2719-48
008 090401t1991 xxu||||| |||| 00| 0 eng d
035 _a(Sirsi) u74207
041 _aeng
245 _aEstate agents
260 _c1991
350 _a0
490 _aMoney Week
_v15/5/91 p32
520 _aThe latest ranking of estate agents from Money Week puts Royal Life Estates at the top of the league.
690 _aMANAGEMENT-BUSINESS MANAGEMENT-PROFESSIONAL PRACTICE
942 _n0
948 _c04/03/1997
999 _c46842
_d46842